000 00767nam a2200193Ii 4500
003 JO-AjNU
008 230605s9999||||xx |||||||||||||| ||und||
040 _aJO-AjNU
_bara
_erda
_cJO-AjNU
041 _aara
050 1 4 _aPJ7692.F8.P5336
100 3 _aتأليف بيير، برنارد دي سان ؛ ترجمة المنفلوطي،مصطفى لطفي ,
_eauthor
_939249
245 0 0 _aالفضيلة أو بول وفرجيني للكاتب الفرنسي برنارد دي سان بيير
264 3 1 _aبيروت:دار الثقافة،1900
300 _a192ص
336 _atext
_btxt
_2rdacontent
337 _aunmediated
_bn
_2rdamedia
338 _avolume
_bnc
_2rdacarrier
650 4 _aقصص مترجمة - الفضيلة أو بول وفرجيني
_939250
999 _aA16561
_c20129
_d20129